000 00689nam a2200229 a 4500
001 nice12345678
003 IN_TiNIC
005 20260116013247.0
008 050524s1999 dela grp 000 0 eng
020 _a812610452X
_c600
082 0 0 _a306.0899145
_bSIN
100 _aSingh, R
245 _aSocial Transformation of Indian Tribes
260 _aDelhi
_bAnmol Publishers
_c1999
300 _a286p
500 _aincludes index and biblioraphy
505 2 _aThe author uses Clifford Greetz`s concept of the theatre state to help analyse contemporary politics and ethinic relations in the region.
700 1 _aSingh, R
902 _bSRS
942 _cBK
999 _c10296
_d10296